000 00798nam a2200265 i 4500
001 15533
003 ES-MaACL
005 20251120063122.0
007 t|
008 000329s1999 sp ||||0| spa j
020 _a84-88920-21-0
040 _aM-BN
_bspa
_cM-BN
080 _a821.134.4-32"19"
100 1 _aMéndez Ferrín, X. L.,
_d1938-
_980151
245 1 0 _aCrónica de nosotros /
_cX.L. Méndez Ferrín ; traducido del gallego por Celina Suso Pasquier.
250 _a1ª ed.
260 _aZaragoza :
_bXordica,
_c[1999]
300 _a127 p. ;
_c19 cm.
490 1 _aCarrachinas ;
_v10
700 1 _aSuso Pasquier, Celina.
_9108859
830 0 _aCarrachinas ;
_v10
_9228583
852 _aES-MaACL
_jL-22811
_bR.128046
999 _c15533
_d15533